Studi di diritto pubblico romano
Gardado en:
| Autor Principal: | |
|---|---|
| Formato: | Libro |
| Idioma: | Lingua italiana |
| Publicado: |
Nápoles
Scientifica
2010
|
| Edición: | 2a. ed |
| Series: | Biblioteca Universitaria, 30
|
| Subjects: | |
| Tags: |
Engadir etiqueta
Sen Etiquetas, Sexa o primeiro en etiquetar este rexistro!
|
MARC
| LEADER | 00000cam a2200000 a 4500 | ||
|---|---|---|---|
| 001 | UCF0402 | ||
| 003 | CL-VaPUC | ||
| 008 | 120517e20100000IT |||||||||||||||||ita|d | ||
| 020 | |a 9788863420111 | ||
| 082 | 0 | 4 | |a 340.54 |b CAS |2 21 |
| 100 | 0 | |a Cascione, Cosimo |e author |9 562208 | |
| 245 | 1 | 0 | |a Studi di diritto pubblico romano |
| 250 | |a 2a. ed | ||
| 300 | |a 163 p | ||
| 942 | |c BK | ||
| 945 | |d 20120517 00:00:00 |a cmena | ||
| 260 | |a Nápoles |b Scientifica |c 2010 | ||
| 650 | 0 | |a Derecho romano |9 255930 | |
| 650 | 0 | |a Derecho público |9 255910 | |
| 650 | 0 | |a Historia del derecho |9 255109 | |
| 583 | |a last modification |c 20121105 12:34:55 |k Rodrigo Vera | ||
| 490 | 0 | |a Biblioteca Universitaria, 30 | |
| 999 | |c 347732 |d 347730 | ||
| 952 | |0 0 |1 0 |4 0 |6 340_540000000000000_CAS_2010 |7 0 |8 DER_ROM |9 449256 |a BIBDER |b BIBDER |d 2019-11-22 |i 4812832 |l 3 |o 340.54 CAS 2010 |p 4812832 |r 2025-01-23 |s 2025-01-23 |w 2019-11-22 |x Ubicación 4to piso |y BK |z Este recurso debe solicitarse con anticipación |k DER | ||